[Event "Quebec-ch Rapid Online"]
[Site "Chess.com"]
[Date "2021.03.14"]
[Round "7"]
[White "Turgeon-Dalpe, Alexandre"]
[Black "Guipi Bopala, Prince Eric jr"]
[Result "0-1"]
[WhiteElo "1445"]
[BlackElo "1863"]
[PlyCount "70"]
[EventDate "2021.03.13"]
[EventType "swiss (rapid)"]
[EventRounds "10"]
[EventCountry "CAN"]

1. e4 c6 2. d4 d5 3. exd5 cxd5 4. Nf3 Nf6 5. Bd3 Bg4 6. O-O e6 7. c3 Nc6 8. Qb3
Qc7 9. Bb5 Bxf3 10. gxf3 Bd6 11. f4 Bxf4 12. Bxf4 Qxf4 13. h3 O-O 14. Qc2 Qh4
15. Qd3 Ne4 16. Nd2 Nxd2 17. Qxd2 Qxh3 18. b4 f5 19. Rae1 Rf6 20. Re3 Rg6+ 21.
Rg3 Rxg3+ 22. fxg3 Qxg3+ 23. Kh1 Rf8 24. Rg1 Qh3+ 25. Qh2 Qxc3 26. Qh6 Qxd4 27.
Qxe6+ Kh8 28. Qd6 Qe4+ 29. Rg2 Rf6 30. Qg3 Rg6 31. Qf2 Rxg2 32. Qxg2 Nxb4 33.
Kh2 Qxg2+ 34. Kxg2 Nxa2 35. Kf3 a6 0-1

[Event "Quebec-ch Rapid Online"]
[Site "Chess.com"]
[Date "2021.03.14"]
[Round "7"]
[White "Veilleux, Antoine"]
[Black "Varro, Daniel"]
[Result "0-1"]
[WhiteElo "1081"]
[BlackElo "1453"]
[PlyCount "82"]
[EventDate "2021.03.13"]
[EventType "swiss (rapid)"]
[EventRounds "10"]
[EventCountry "CAN"]

1. d4 d5 2. Bf4 c6 3. Nf3 Nf6 4. e3 Qb6 5. b3 Bf5 6. Nbd2 e6 7. c4 h6 8. Be2
Be7 9. O-O O-O 10. h3 Nbd7 11. Ne5 Nxe5 12. Bxe5 Nd7 13. Nf3 Nxe5 14. Nxe5 Rfd8
15. c5 Qc7 16. Qd2 a5 17. Bd3 Bxd3 18. Qxd3 b6 19. Rac1 bxc5 20. dxc5 Qxe5 21.
a4 Rdb8 22. f4 Qb2 23. Rb1 Qa3 24. Rfc1 Rb4 25. Qc3 Rbb8 26. Rf1 Qb4 27. Qa1
Bxc5 28. Rf3 Qd2 29. Kh2 Bd6 30. Rg3 Bf8 31. Rb2 Qc3 32. Qb1 Rb4 33. e4 Qc5 34.
Rc2 Qb6 35. Rgc3 c5 36. exd5 exd5 37. Rg3 c4 38. Rb2 d4 39. Rf3 c3 40. Rc2 Rxb3
41. Qc1 Rb1 0-1

[Event "Quebec-ch Rapid Online"]
[Site "Chess.com"]
[Date "2021.03.14"]
[Round "7"]
[White "Yan, Alex Jikai"]
[Black "Lu, Aiden"]
[Result "0-1"]
[WhiteElo "1520"]
[BlackElo "1107"]
[PlyCount "110"]
[EventDate "2021.03.13"]
[EventType "swiss (rapid)"]
[EventRounds "10"]
[EventCountry "CAN"]

1. e4 e5 2. Nf3 Nc6 3. Bc4 Bc5 4. c3 Nf6 5. d4 exd4 6. cxd4 Bb4+ 7. Bd2 Bxd2+
8. Nbxd2 d6 9. O-O Bg4 10. d5 Ne5 11. Qa4+ Bd7 12. Qb3 Nxf3+ 13. Nxf3 b6 14.
Rfe1 O-O 15. Bd3 Re8 16. Re2 Bg4 17. Rae1 Bxf3 18. gxf3 Nh5 19. f4 Nxf4 20. Re3
Qh4 21. Rg3 Re5 22. Bf1 Rh5 23. h3 Re8 24. Ree3 Ree5 25. Rg4 Reg5 26. Reg3 Rxg4
27. Rxg4 Nxh3+ 28. Bxh3 Qxh3 29. Qxh3 Rxh3 30. Kf1 h5 31. Rg2 Rh1+ 32. Ke2 Ra1
33. Kd3 Rxa2 34. f3 h4 35. Rh2 g5 36. Rg2 f6 37. f4 h3 38. Rh2 g4 39. f5 Ra1
40. Ke3 Rg1 41. Kf2 Rg2+ 42. Rxg2 hxg2 43. Kxg2 Kg7 44. Kg3 Kh6 45. Kxg4 a5 46.
Kf4 b5 47. Ke3 Kg5 48. Kf3 a4 49. Ke3 Kg4 50. Kd3 Kf3 51. Kd4 b4 52. e5 dxe5+
53. Kc5 a3 54. Kc6 Ke4 55. bxa3 bxa3 0-1

[Event "Quebec-ch Rapid Online"]
[Site "Chess.com"]
[Date "2021.03.14"]
[Round "7"]
[White "Zheng, Richard"]
[Black "Wu, Jonathan"]
[Result "1-0"]
[WhiteElo "2069"]
[BlackElo "1912"]
[PlyCount "65"]
[EventDate "2021.03.13"]
[EventType "swiss (rapid)"]
[EventRounds "10"]
[EventCountry "CAN"]

1. d4 Nf6 2. Nd2 d5 3. Ngf3 g6 4. e3 Bg7 5. b4 O-O 6. c4 dxc4 7. Bxc4 c6 8. O-O
Nbd7 9. Bb2 Nb6 10. Be2 Bf5 11. Re1 Ne4 12. Nxe4 Bxe4 13. Ng5 Bd5 14. e4 Bc4
15. Nf3 Re8 16. Bxc4 Nxc4 17. Bc3 Qc7 18. Qb3 Nd6 19. e5 Nb5 20. Bb2 Qb6 21.
Ng5 e6 22. Rad1 Rad8 23. Qc4 Rd7 24. Rd3 Red8 25. Red1 Nc7 26. Ne4 Ne8 27. Bc1
Rd5 28. Bg5 Rc8 29. a3 Qb5 30. Qb3 Rc7 31. Nc3 Qb6 32. Nxd5 cxd5 33. Bd8 1-0

[Event "Quebec-ch Rapid Online"]
[Site "Chess.com"]
[Date "2021.03.14"]
[Round "8"]
[White "Fang, Zhou"]
[Black "Zheng, Richard"]
[Result "0-1"]
[WhiteElo "1652"]
[BlackElo "2069"]
[PlyCount "110"]
[EventDate "2021.03.13"]
[EventType "swiss (rapid)"]
[EventRounds "10"]
[EventCountry "CAN"]

1. e4 c6 2. Bc4 d5 3. Bb3 dxe4 4. Qh5 e6 5. Nc3 Nf6 6. Qh4 Be7 7. Nxe4 Nxe4 8.
Qxe4 Nd7 9. Nf3 Nf6 10. Qe2 c5 11. Ba4+ Bd7 12. Bxd7+ Qxd7 13. O-O O-O 14. b3
Rac8 15. Bb2 Qd5 16. c4 Qh5 17. Qe5 Rfd8 18. Qxh5 Nxh5 19. d4 Bf6 20. Rfd1 Nf4
21. Kf1 Rd7 22. g3 Ng6 23. Ne5 Rd6 24. f4 Rcd8 25. Ba3 b6 26. Re1 Rxd4 27. Nc6
Rd2 28. Nxd8 Bxa1 29. Nxe6 fxe6 30. Rxa1 Rxh2 31. b4 Rh1+ 32. Kg2 Rxa1 33. bxc5
Rxa2+ 34. Bb2 Rxb2+ 35. Kf3 bxc5 36. f5 exf5 37. g4 fxg4+ 38. Kg3 a5 39. Kxg4
a4 40. Kg3 a3 41. Kg4 a2 42. Kg3 a1=Q 43. Kg4 Qg1+ 44. Kf5 Rf2+ 45. Ke6 Qe1+
46. Kd5 Rd2+ 47. Kc6 Ne7+ 48. Kb5 Qb1+ 49. Kxc5 Qf5+ 50. Kb4 Rb2+ 51. Kc3 Qe5+
52. Kd3 Rb3+ 53. Kd2 Qh2+ 54. Kc1 Rg3 55. Kd1 Rg1# 0-1

[Event "Quebec-ch Rapid Online"]
[Site "Chess.com"]
[Date "2021.03.14"]
[Round "8"]
[White "Guipi Bopala, Prince Eric jr"]
[Black "Tsanaclis, Albert"]
[Result "1-0"]
[WhiteElo "1863"]
[BlackElo "1771"]
[PlyCount "69"]
[EventDate "2021.03.13"]
[EventType "swiss (rapid)"]
[EventRounds "10"]
[EventCountry "CAN"]

1. d4 d5 2. c4 c6 3. cxd5 cxd5 4. Nc3 Nf6 5. Bf4 e6 6. e3 Bb4 7. Bd3 Nc6 8. Nf3
O-O 9. O-O Re8 10. Ne5 a6 11. Nxc6 bxc6 12. Rc1 Bd6 13. Bxd6 Qxd6 14. h3 Rb8
15. Qc2 c5 16. dxc5 Qxc5 17. Rfd1 Qe7 18. e4 d4 19. e5 dxc3 20. exf6 Qxf6 21.
bxc3 g6 22. Qa4 Rd8 23. Qc2 Bb7 24. c4 Rd4 25. Be2 Qg5 26. f3 Qe3+ 27. Kh1 Rbd8
28. Rxd4 Rxd4 29. Rd1 e5 30. Rd3 Qf4 31. Qb3 Qc1+ 32. Kh2 Bc6 33. Qb8+ Kg7 34.
Qxe5+ f6 35. Qxd4 1-0

[Event "Quebec-ch Rapid Online"]
[Site "Chess.com"]
[Date "2021.03.14"]
[Round "8"]
[White "Lu, Aiden"]
[Black "Mendes, Aaron Reeve"]
[Result "0-1"]
[WhiteElo "1107"]
[BlackElo "1522"]
[PlyCount "88"]
[EventDate "2021.03.13"]
[EventType "swiss (rapid)"]
[EventRounds "10"]
[EventCountry "CAN"]

1. e4 e5 2. Nf3 Nf6 3. Nc3 Nc6 4. Bb5 Bc5 5. d3 h6 6. O-O d6 7. h3 O-O 8. Be3
Bb6 9. Re1 Nd4 10. Bxd4 exd4 11. Ne2 c6 12. Bc4 c5 13. e5 dxe5 14. Nxe5 Bc7 15.
Nf3 a6 16. Ng3 b5 17. Bb3 Bxg3 18. fxg3 Qc7 19. g4 Bd7 20. Ne5 Rae8 21. Ng6
Rxe1+ 22. Qxe1 Re8 23. Qf1 c4 24. dxc4 fxg6 25. cxb5+ Kh8 26. bxa6 Qb6 27. Rd1
Bb5 28. Qf2 Bxa6 29. Re1 Rxe1+ 30. Qxe1 d3+ 31. Kh1 dxc2 32. Bxc2 Qxb2 33. Bxg6
Bb7 34. Qg3 Ng8 35. h4 Qxa2 36. g5 Qb2 37. gxh6 Nxh6 38. Qb8+ Ng8 39. Qg3 Bc8
40. Kh2 Nf6 41. Qd3 Ng4+ 42. Kg3 Qf2+ 43. Kh3 Ne3+ 44. g4 Qg2# 0-1

[Event "Quebec-ch Rapid Online"]
[Site "Chess.com"]
[Date "2021.03.14"]
[Round "8"]
[White "Lynch, Jonathan"]
[Black "Mourad, Michel"]
[Result "1-0"]
[WhiteElo "1337"]
[BlackElo "1376"]
[PlyCount "143"]
[EventDate "2021.03.13"]
[EventType "swiss (rapid)"]
[EventRounds "10"]
[EventCountry "CAN"]

1. d4 d5 2. Bf4 Bf5 3. e3 e6 4. f3 Nf6 5. g4 Bg6 6. h4 h5 7. g5 Nfd7 8. Bd3
Bxd3 9. Qxd3 c5 10. c3 c4 11. Qc2 Nc6 12. Qh2 Rc8 13. Bd6 Bxd6 14. Qxd6 Qc7 15.
Qxc7 Rxc7 16. Nd2 b5 17. a4 b4 18. e4 O-O 19. Nh3 a5 20. Nf4 Nb6 21. Nxh5 g6
22. Nf4 Kg7 23. h5 gxh5 24. Kf2 Rh8 25. g6 Nd8 26. Rag1 Nxa4 27. Nxh5+ Rxh5 28.
gxf7+ Kxf7 29. Rxh5 Ke7 30. Rh7+ Kd6 31. Rxc7 Kxc7 32. cxb4 axb4 33. exd5 exd5
34. b3 Nb2 35. bxc4 dxc4 36. Ke3 Kd6 37. Rc1 c3 38. Ne4+ Kd5 39. Ra1 c2 40.
Ra5+ Ke6 41. Rc5 b3 42. Kd2 Na4 43. Rb5 Nc6 44. Nc5+ Nxc5 45. dxc5 b2 46. Rxb2
Nd4 47. Rxc2 Nxf3+ 48. Ke3 Ne5 49. Ke4 Nc6 50. Rd2 Na7 51. Rd6+ Ke7 52. Kd5 Nb5
53. Rb6 Nc7+ 54. Kc6 Ne6 55. Rb7+ Ke8 56. Kd6 Nd4 57. c6 Nf5+ 58. Ke5 Ne7 59.
Kd6 Nc8+ 60. Kc7 Ne7 61. Rb8+ Kf7 62. Kd7 Nd5 63. c7 Nf6+ 64. Kd8 Ne8 65. c8=Q
Nd6 66. Qd7+ Kg6 67. Qxd6+ Kf5 68. Rb5+ Ke4 69. Re5+ Kf4 70. Qf6+ Kg4 71. Rg5+
Kh4 72. Qh6# 1-0

[Event "Quebec-ch Rapid Online"]
[Site "Chess.com"]
[Date "2021.03.14"]
[Round "8"]
[White "Ouazri, Ghassane Said"]
[Black "Gougeon, Patrick"]
[Result "1-0"]
[WhiteElo "1720"]
[BlackElo "1258"]
[PlyCount "137"]
[EventDate "2021.03.13"]
[EventType "swiss (rapid)"]
[EventRounds "10"]
[EventCountry "CAN"]

1. e4 d5 2. exd5 Qxd5 3. Nc3 Qd6 4. d4 Nf6 5. Nf3 g6 6. g3 Bg7 7. Bf4 Qb6 8.
Rb1 c6 9. Bg2 Qa6 10. Bf1 Qb6 11. Ne5 O-O 12. Bg2 Qa6 13. Nd3 Nd5 14. Nxd5 cxd5
15. Bxd5 Qb6 16. c3 Bh3 17. Be3 e6 18. Bf3 Bf5 19. O-O Nd7 20. Qd2 Rab8 21. g4
Bxd3 22. Qxd3 Qd8 23. Bf4 e5 24. dxe5 Bxe5 25. Rfd1 Bxf4 26. Qxd7 Qxd7 27. Rxd7
f5 28. gxf5 gxf5 29. Rxb7 Rxb7 30. Bxb7 Kg7 31. Rd1 Rf7 32. Bc6 Kf6 33. Rd7
Rxd7 34. Bxd7 Bc1 35. b3 Bb2 36. c4 h6 37. f3 f4 38. Kf2 Bd4+ 39. Ke2 Ke7 40.
Bg4 Kd6 41. Kd3 Bc5 42. h4 a5 43. Ke4 Be3 44. a3 Kc5 45. Kd3 Bd4 46. Kc2 a4 47.
Be6 axb3+ 48. Kxb3 Kb6 49. Kb4 Bc5+ 50. Ka4 Ka6 51. h5 Kb6 52. Bd7 Bd4 53. Kb3
Bc5 54. a4 Bd4 55. Kc2 Be3 56. Kd3 Kc7 57. Be8 Kb6 58. Ke4 Kc5 59. Bb5 Kb4 60.
Ke5 Bd2 61. Kf5 Be3 62. Kg6 Bd2 63. Kxh6 Kc5 64. Kg5 Kd6 65. h6 Bc3 66. h7 Ke6
67. Kxf4 Ke7 68. c5 Kf8 69. c6 1-0

[Event "Quebec-ch Rapid Online"]
[Site "Chess.com"]
[Date "2021.03.14"]
[Round "8"]
[White "Varro, Daniel"]
[Black "Hughes-Dupuy, Henry"]
[Result "1-0"]
[WhiteElo "1453"]
[BlackElo "1669"]
[PlyCount "105"]
[EventDate "2021.03.13"]
[EventType "swiss (rapid)"]
[EventRounds "10"]
[EventCountry "CAN"]

1. c4 f5 2. Nc3 Nf6 3. g3 g6 4. Bg2 Bg7 5. d3 O-O 6. e4 d6 7. Nge2 Nc6 8. O-O
e5 9. Rb1 Nh5 10. exf5 Bxf5 11. h3 Be6 12. Nd5 Qc8 13. b4 Re8 14. b5 Ne7 15.
Nxe7+ Rxe7 16. g4 Nf6 17. Ng3 c6 18. bxc6 bxc6 19. Qa4 d5 20. Bb2 Bd7 21. Qa3
Qe8 22. Rfe1 e4 23. dxe4 Nxe4 24. Bxg7 Kxg7 25. f3 Nd6 26. Rxe7+ Qxe7 27. cxd5
cxd5 28. f4 Bc6 29. Qc3+ Kg8 30. Qxc6 Rc8 31. Qxd5+ Kf8 32. Rd1 Nc4 33. Qd7
Qe3+ 34. Kh2 Re8 35. Qd4 Qxd4 36. Rxd4 Ne3 37. Re4 Rxe4 38. Bxe4 Nc4 39. Bd5
Ne3 40. Bb3 Ke7 41. Kg1 Kd6 42. Kf2 Nd5 43. Bxd5 Kxd5 44. Ke3 Kc4 45. f5 gxf5
46. gxf5 Kd5 47. Kf4 Kd6 48. Kg5 Ke7 49. Kh6 Kf6 50. Kxh7 Kf7 51. Kh6 Kf6 52.
Kh5 a5 53. a4 1-0

[Event "Quebec-ch Rapid Online"]
[Site "Chess.com"]
[Date "2021.03.14"]
[Round "8"]
[White "Veilleux, Antoine"]
[Black "Turgeon-Dalpe, Alexandre"]
[Result "0-1"]
[WhiteElo "1081"]
[BlackElo "1445"]
[PlyCount "54"]
[EventDate "2021.03.13"]
[EventType "swiss (rapid)"]
[EventRounds "10"]
[EventCountry "CAN"]

1. e4 e5 2. Bc4 c6 3. Nc3 Nf6 4. d3 d5 5. exd5 cxd5 6. Bb5+ Nc6 7. Nf3 d4 8.
Ne4 Qa5+ 9. Bd2 Qxb5 10. Nxf6+ gxf6 11. O-O Bg4 12. b3 Bb4 13. a4 Qb6 14. Bxb4
Qxb4 15. h3 Bh5 16. Qe2 O-O-O 17. Qe4 Bg6 18. Qg4+ f5 19. Qg5 Qd6 20. h4 h6 21.
Qg3 Rhg8 22. Qh2 Bh5 23. Qh3 Bg4 24. Qg3 f4 25. Qh2 Bxf3 26. Kh1 Bxg2+ 27. Kg1
Bd5+ 0-1

[Event "Quebec-ch Rapid Online"]
[Site "Chess.com"]
[Date "2021.03.14"]
[Round "8"]
[White "Wu, Jonathan"]
[Black "Tanaka, Tyler"]
[Result "0-1"]
[WhiteElo "1912"]
[BlackElo "2098"]
[PlyCount "98"]
[EventDate "2021.03.13"]
[EventType "swiss (rapid)"]
[EventRounds "10"]
[EventCountry "CAN"]

1. e4 c6 2. Nc3 d5 3. Nf3 g6 4. d4 Bg7 5. e5 Bg4 6. h3 Bxf3 7. Qxf3 e6 8. Ne2
Ne7 9. c3 Nd7 10. Nf4 c5 11. Bd3 Nc6 12. Ne2 Qb6 13. Be3 Ndxe5 14. dxe5 Nxe5
15. Qg3 Nxd3+ 16. Kf1 O-O 17. Rb1 Ne5 18. h4 h5 19. Bf4 Nc4 20. Qg5 e5 21. Bc1
Qf6 22. Qg3 d4 23. b3 Nd6 24. Qg5 Ne4 25. Qxf6 Bxf6 26. cxd4 cxd4 27. Ng1 Rac8
28. Nf3 Rc2 29. Rb2 Rxc1+ 30. Ne1 Rfc8 31. Re2 Nd6 32. g3 d3 33. Rd2 e4 34. Kg2
Bc3 35. Rxd3 exd3 36. Nxd3 Rxh1 37. Kxh1 Bd4 38. Nf4 Bxf2 39. Nd5 Kg7 40. Kg2
Bd4 41. Nf4 Rc2+ 42. Kf1 Ne4 43. Nxh5+ gxh5 44. b4 Rf2+ 45. Ke1 Bc3+ 46. Kd1
Rb2 47. b5 Nf2+ 48. Kc1 Nd3+ 49. Kd1 Rd2# 0-1

[Event "Quebec-ch Rapid Online"]
[Site "Chess.com"]
[Date "2021.03.14"]
[Round "9"]
[White "Batorshyn, Ilia"]
[Black "Latreille, Etienne"]
[Result "0-1"]
[WhiteElo "1343"]
[BlackElo "1891"]
[PlyCount "106"]
[EventDate "2021.03.13"]
[EventType "swiss (rapid)"]
[EventRounds "10"]
[EventCountry "CAN"]

1. b3 d5 2. Bb2 c6 3. e3 Nf6 4. Nf3 Bf5 5. d4 e6 6. Bd3 Bg6 7. O-O Bd6 8. c4
Nbd7 9. Nc3 Ne4 10. Bxe4 dxe4 11. Nd2 Qh4 12. g3 Qh3 13. Ncxe4 Be7 14. Qf3 h5
15. Qg2 Qf5 16. h4 Nf6 17. Nxf6+ Bxf6 18. Bc3 Bh7 19. e4 Qg4 20. e5 Bd8 21. f3
Qf5 22. Ne4 O-O 23. Rad1 Be7 24. d5 cxd5 25. cxd5 exd5 26. Rxd5 Rac8 27. Rfd1
Qe6 28. Be1 Rc7 29. f4 Rfc8 30. R5d2 Bf5 31. Nd6 Bxd6 32. Rxd6 Qe8 33. Bb4 Bg4
34. Re1 Qb5 35. a3 a5 36. Rd5 Qb6+ 37. Kh2 axb4 38. a4 Rc2 39. Rd2 Qc5 40. Ra1
Rxd2 41. Qxd2 Qc2 42. Ra2 Qxd2+ 43. Rxd2 Rc3 44. Rd8+ Kh7 45. Rb8 Bf3 46. Rf8
Bd5 47. Rd8 Bxb3 48. a5 Rc7 49. Rd4 Bc4 50. Rd2 b3 51. Rb2 Be6 52. Kg1 Rc2 53.
Rb1 b2 0-1

[Event "Quebec-ch Rapid Online"]
[Site "Chess.com"]
[Date "2021.03.14"]
[Round "9"]
[White "Gougeon, Patrick"]
[Black "Veilleux, Antoine"]
[Result "1-0"]
[WhiteElo "1258"]
[BlackElo "1081"]
[PlyCount "102"]
[EventDate "2021.03.13"]
[EventType "swiss (rapid)"]
[EventRounds "10"]
[EventCountry "CAN"]

1. f4 d5 2. Nf3 Nf6 3. g3 Bg4 4. e3 c5 5. h3 Bf5 6. g4 Be4 7. d3 Bxf3 8. Qxf3
Qa5+ 9. c3 Nc6 10. g5 Nd7 11. Qxd5 Nb6 12. Qf3 O-O-O 13. Qe2 f6 14. Bg2 Kc7 15.
Na3 e5 16. Bd2 Na4 17. c4 Qb6 18. Nb5+ Kb8 19. b3 Nb2 20. Be4 exf4 21. Rb1 fxe3
22. Bxe3 Nxd3+ 23. Bxd3 Bd6 24. Nxd6 Rxd6 25. O-O Nb4 26. Bf4 Nxd3 27. Qxd3
Rhd8 28. Qxh7 fxg5 29. Be5 Kc8 30. Qf5+ R6d7 31. Rbd1 Qc6 32. Rd6 Qc7 33. Rxd7
Qxd7 34. Qxd7+ Rxd7 35. Rf8+ Rd8 36. Rxd8+ Kxd8 37. Bxg7 Ke8 38. Bf6 a6 39.
Bxg5 b5 40. cxb5 axb5 41. Be3 c4 42. bxc4 bxc4 43. Bd4 Kd7 44. a4 Ke6 45. a5
Kd5 46. Bc3 Kc6 47. h4 Kb5 48. h5 Ka4 49. h6 Kb3 50. Be1 c3 51. Bxc3 Kxc3 1-0

[Event "Quebec-ch Rapid Online"]
[Site "Chess.com"]
[Date "2021.03.14"]
[Round "9"]
[White "Mourad, Michel"]
[Black "Varro, Daniel"]
[Result "1/2-1/2"]
[WhiteElo "1376"]
[BlackElo "1453"]
[PlyCount "118"]
[EventDate "2021.03.13"]
[EventType "swiss (rapid)"]
[EventRounds "10"]
[EventCountry "CAN"]

1. d4 d5 2. c4 c6 3. Nc3 Nf6 4. Bg5 e6 5. e3 Nbd7 6. Nf3 Qa5 7. Nd2 Bb4 8. Qc2
O-O 9. Nb3 Bxc3+ 10. bxc3 Qc7 11. Bf4 e5 12. dxe5 Nxe5 13. cxd5 Nxd5 14. Bg3
Qe7 15. Qe4 Ng6 16. Qxe7 Ngxe7 17. c4 Nb4 18. Nd4 Rd8 19. a3 Na6 20. Be2 Nf5
21. Nxf5 Bxf5 22. O-O Rd2 23. Rfe1 Rad8 24. Rad1 Rxd1 25. Rxd1 Rxd1+ 26. Bxd1
Be6 27. Be2 Nc5 28. Bb8 a6 29. Ba7 Na4 30. Kf1 Nb2 31. c5 Nc4 32. Ke1 Kf8 33.
Kd1 Nxa3 34. Kd2 Bc4 35. Bg4 Nb5 36. Bb6 Be6 37. Bxe6 fxe6 38. Kd3 Ke7 39. Ke4
Nc3+ 40. Kd4 Nd5 41. Ba5 Nf6 42. h3 Nd7 43. e4 e5+ 44. Kc4 h5 45. f3 g5 46. Be1
Kf6 47. h4 Kg6 48. hxg5 Kxg5 49. g3 Kf6 50. Bd2 Kg6 51. Be3 Nf6 52. Kb4 Nd7 53.
Kc3 Kf6 54. Kc4 Kg6 55. Kb4 Kf6 56. Kb3 Kg6 57. Kc4 Kf6 58. Kd3 Kg6 59. Kc3 Kf6
1/2-1/2

[Event "Quebec-ch Rapid Online"]
[Site "Chess.com"]
[Date "2021.03.14"]
[Round "9"]
[White "Ouazri, Ghassane Said"]
[Black "Fang, Zhou"]
[Result "0-1"]
[WhiteElo "1720"]
[BlackElo "1652"]
[PlyCount "112"]
[EventDate "2021.03.13"]
[EventType "swiss (rapid)"]
[EventRounds "10"]
[EventCountry "CAN"]

1. e4 d6 2. d4 Nf6 3. Nc3 Nbd7 4. Be3 e5 5. d5 Be7 6. Bb5 a6 7. Ba4 b5 8. Bb3
O-O 9. f3 Nc5 10. Qd2 Bb7 11. Nge2 Qd7 12. O-O a5 13. a4 b4 14. Nb5 Nxb3 15.
cxb3 Ba6 16. Rfc1 Rfc8 17. Rc6 Bb7 18. Rc2 c6 19. dxc6 Bxc6 20. Rac1 Bxb5 21.
Rxc8+ Rxc8 22. Rxc8+ Qxc8 23. axb5 Qb7 24. b6 Nd7 25. Qd3 Nc5 26. Bxc5 dxc5 27.
Qb5 g6 28. Qxa5 Bd8 29. Qa7 Qxb6 30. Qxb6 Bxb6 31. Kf1 Kf8 32. Ng3 Ke7 33. Ke2
Kd6 34. Nf1 Kc6 35. Ne3 Kb5 36. Nc4 Bc7 37. Kf2 Kc6 38. Kg3 h6 39. Kg4 h5+ 40.
Kh3 f5 41. g4 hxg4+ 42. fxg4 fxe4 43. Kh4 Bd8+ 44. Kg3 g5 45. Nxe5+ Kd5 46. Nc4
Kd4 47. Kf2 Kd3 48. Ne5+ Kc2 49. Nc4 Kxb3 50. Nd2+ Kxb2 51. Nxe4 c4 52. Ke2 c3
53. Nf2 c2 54. Nd3+ Kb1 55. Kd2 b3 56. Nc1 b2 0-1

[Event "Quebec-ch Rapid Online"]
[Site "Chess.com"]
[Date "2021.03.14"]
[Round "9"]
[White "Tanaka, Tyler"]
[Black "Lynch, Jonathan"]
[Result "1-0"]
[WhiteElo "2098"]
[BlackElo "1337"]
[PlyCount "85"]
[EventDate "2021.03.13"]
[EventType "swiss (rapid)"]
[EventRounds "10"]
[EventCountry "CAN"]

1. e4 d6 2. d4 Nf6 3. Bd3 Nbd7 4. c3 e5 5. Ne2 c6 6. O-O Qc7 7. f4 h6 8. Kh1 b6
9. a4 a5 10. Na3 g5 11. fxe5 dxe5 12. dxe5 Ng4 13. Ng3 Ndxe5 14. Nc4 Bc5 15.
Nxe5 Qxe5 16. Bc4 Be6 17. Bxe6 Qxe6 18. Nh5 Kf8 19. Qf3 Ne5 20. Qg3 Rd8 21. Be3
Bd6 22. Rf6 Qg4 23. Rxd6 Qxg3 24. Rxd8+ Ke7 25. Nxg3 Kxd8 26. Bd4 Re8 27. Bxe5
Rxe5 28. Kg1 b5 29. Kf2 bxa4 30. Rxa4 Rb5 31. Ra2 g4 32. Nf5 h5 33. Nd4 Rc5 34.
Rxa5 Rc4 35. Rxh5 c5 36. Ne2 Rxe4 37. Rxc5 Kd7 38. b4 Kd6 39. Rf5 Ke6 40. Rf4
f5 41. Rxe4+ fxe4 42. Ke3 Ke5 43. Ng3 1-0

[Event "Quebec-ch Rapid Online"]
[Site "Chess.com"]
[Date "2021.03.14"]
[Round "9"]
[White "Turgeon-Dalpe, Alexandre"]
[Black "Lu, Aiden"]
[Result "0-1"]
[WhiteElo "1445"]
[BlackElo "1107"]
[PlyCount "92"]
[EventDate "2021.03.13"]
[EventType "swiss (rapid)"]
[EventRounds "10"]
[EventCountry "CAN"]

1. e4 e5 2. f4 exf4 3. Nf3 Nc6 4. d4 d5 5. e5 Bf5 6. Bd3 Bg6 7. O-O Be7 8. Bxf4
Qd7 9. c4 dxc4 10. Bxc4 f6 11. e6 Qd8 12. Bb5 Bd6 13. Bxd6 Qxd6 14. d5 a6 15.
Ba4 b5 16. Bb3 Ne5 17. Nxe5 Qxe5 18. Nc3 Ne7 19. Qd2 Rd8 20. Rae1 Qd6 21. Rf2
c6 22. Ref1 cxd5 23. Nxd5 Nxd5 24. e7 Nxe7 25. Qc3 Qd4 26. Qc7 Qd7 27. Qc1 Qc8
28. Qf4 a5 29. Qh4 a4 30. Bd1 Qc4 31. Qxc4 bxc4 32. Bxa4+ Kf8 33. b3 cxb3 34.
axb3 Kf7 35. b4 Rb8 36. b5 Rhc8 37. Rb2 Rc5 38. b6 Rb7 39. Rd1 Be4 40. Rd7 Rxd7
41. Bxd7 Bb7 42. Kf2 Nf5 43. Ra2 Ke7 44. Bxf5 Rxf5+ 45. Kg1 Kd6 46. Ra7 Kc6 0-1

[Event "Quebec-ch Rapid Online"]
[Site "Chess.com"]
[Date "2021.03.14"]
[Round "9"]
[White "Wu, Jonathan"]
[Black "Duval, Mathieu"]
[Result "1-0"]
[WhiteElo "1912"]
[BlackElo "1612"]
[PlyCount "155"]
[EventDate "2021.03.13"]
[EventType "swiss (rapid)"]
[EventRounds "10"]
[EventCountry "CAN"]

1. e4 c5 2. Nc3 Nc6 3. Bb5 d6 4. Bxc6+ bxc6 5. d3 g6 6. f4 Bg7 7. Nf3 Bd7 8.
O-O Qc7 9. Bd2 Rb8 10. Rb1 Nf6 11. Re1 Bg4 12. h3 Bxf3 13. Qxf3 O-O 14. b3 Nd7
15. Na4 Nb6 16. Nxb6 Qxb6 17. Be3 Bc3 18. Rf1 Qb4 19. f5 Qa3 20. Bh6 Bd4+ 21.
Kh1 Bg7 22. Bxg7 Kxg7 23. f6+ exf6 24. Qxf6+ Kg8 25. Qxd6 Qxa2 26. Qxc5 Qa6 27.
Ra1 Qb6 28. Qa5 Ra8 29. Qc3 c5 30. Rf6 Qc7 31. Rf3 Rfc8 32. Qc4 a5 33. Raf1 Rf8
34. d4 Rac8 35. Rc3 Rfd8 36. dxc5 Qe5 37. Qxf7+ Kh8 38. Qf6+ Qxf6 39. Rxf6 Rd1+
40. Kh2 Re1 41. Re6 Kg7 42. c6 Kf7 43. Re5 Kf6 44. Rxa5 Rxe4 45. Ra7 h5 46. Rd7
Re6 47. c7 Re7 48. Rxe7 Kxe7 49. b4 Kd7 50. b5 Rxc7 51. Rxc7+ Kxc7 52. c4 Kb6
53. Kg3 Kc5 54. Kf4 Kxc4 55. b6 Kc5 56. b7 Kd4 57. b8=Q Kd3 58. Qd6+ Ke2 59.
Qxg6 Kf1 60. g4 Kg1 61. Qxh5 Kh1 62. Qc5 Kh2 63. Qe3 Kh1 64. Qg1+ Kxg1 65. g5
Kh1 66. g6 Kg1 67. g7 Kh1 68. h4 Kh2 69. h5 Kg2 70. h6 Kf2 71. g8=R Ke2 72. Rg3
Kf2 73. h7 Kf1 74. h8=R Kf2 75. Rh2+ Kf1 76. Ra3 Kg1 77. Rb2 Kf1 78. Ra1# 1-0

[Event "Quebec-ch Rapid Online"]
[Site "Chess.com"]
[Date "2021.03.14"]
[Round "9"]
[White "Zheng, Richard"]
[Black "Mendes, Aaron Reeve"]
[Result "0-1"]
[WhiteElo "2069"]
[BlackElo "1522"]
[PlyCount "92"]
[EventDate "2021.03.13"]
[EventType "swiss (rapid)"]
[EventRounds "10"]
[EventCountry "CAN"]

1. d4 d5 2. c4 c6 3. Nc3 Nf6 4. Nf3 e6 5. e3 Bd6 6. Bd3 Nbd7 7. O-O O-O 8. b3
e5 9. dxe5 Nxe5 10. Be2 dxc4 11. bxc4 Qe7 12. Bb2 Rd8 13. Qc2 Bg4 14. Nd4 Bxe2
15. Ncxe2 Bc7 16. Ng3 g6 17. Rfe1 a6 18. Qc3 Re8 19. Ba3 c5 20. Nb3 b6 21. f4
Ned7 22. Bb2 b5 23. Rad1 b4 24. Qd2 Rad8 25. Qc2 Ne4 26. Nxe4 Qxe4 27. Qxe4
Rxe4 28. Rd3 Nf8 29. Rxd8 Bxd8 30. Nd2 Re8 31. Kf2 Ne6 32. g3 Ba5 33. Nb3 Bc7
34. Bf6 Bd8 35. Be5 a5 36. Rd1 a4 37. Nc1 f6 38. Bb2 Kf7 39. Rd5 f5 40. Nd3 Bf6
41. Be5 Bxe5 42. Nxe5+ Kg8 43. Rd1 Rd8 44. Rxd8+ Nxd8 45. Ke2 b3 46. axb3 a3
0-1

[Event "Quebec-ch Rapid Online"]
[Site "Chess.com"]
[Date "2021.03.14"]
[Round "10"]
[White "Chelkowski, Jan"]
[Black "Veilleux, Antoine"]
[Result "1-0"]
[WhiteElo "1149"]
[BlackElo "1081"]
[PlyCount "117"]
[EventDate "2021.03.13"]
[EventType "swiss (rapid)"]
[EventRounds "10"]
[EventCountry "CAN"]

1. e4 e5 2. Nf3 Nf6 3. Nc3 Nc6 4. Bc4 Bc5 5. Ng5 d5 6. exd5 Na5 7. Bb3 Nxb3 8.
axb3 Nxd5 9. d3 Be7 10. Nf3 Nxc3 11. bxc3 O-O 12. O-O Bf6 13. d4 Bg4 14. Qd3
Bxf3 15. Qxf3 exd4 16. cxd4 Bxd4 17. Ra4 Qf6 18. Qxb7 Be5 19. Rg4 Qf5 20. Rg5
Qe6 21. Qf3 Bf6 22. Rg4 Rae8 23. h3 Re7 24. Ba3 Rfe8 25. Bxe7 Rxe7 26. Rd1 Kf8
27. Qa8+ Re8 28. Qxa7 Qe2 29. Rf1 Bc3 30. Qc5+ Qe7 31. Qxe7+ Rxe7 32. Rc4 Be5
33. Rd1 Ke8 34. g4 Bd6 35. Ra1 Kd7 36. Rd4 Kc8 37. Ra8+ Kb7 38. Ra1 Be5 39.
Rb4+ Kc6 40. Ra6+ Kd7 41. Ra8 Bd6 42. Rc4 Re2 43. Kf1 Re6 44. Rh8 Rh6 45. Rg8
Be5 46. Rc5 Kd6 47. Ra5 Rxh3 48. Rd8+ Ke7 49. Rdd5 Bd6 50. Rd3 Rh4 51. Ra4 f5
52. gxf5 Rxa4 53. bxa4 Kf6 54. Rf3 h6 55. a5 Bc5 56. a6 Ba7 57. Rb3 Ke7 58. Rb7
Bb6 59. a7 1-0